[Event "AUTO-BEG-371"]
[Site "http://www.queenalice.com/game.php?id=707456"]
[Date "2010.1.2"]
[Round "1"]
[White "pacomar16"]
[Black "kinho1089"]
[Result "0-1"]
[WhiteElo "1005"]
[BlackElo "1122"]

1. e4 e6 2. Qh5 g6 3. Qe5 Bd6 4. Qxh8 Kf8 5. Qxh7 Qf6 6. g3 Bc5 7. d4 Bxd4 8.
Ke2 Qe5 9. f4 Qxe4+ 10. Kd2 Qe3+ 11. Kd1 Qe4 12. Ne2 b6 13. Rg1 Nf6 14. Qh4 Kg7
15. c3 Qd3+ 16. Nd2 Bb7 17. Nxd4 Qe3 18. Nc4 Qxg1 19. Ke1 Bg2 20. Ne2 Qxf1+ 21.
Kd2 Ne4+ 22. Ke3 Qf3+ 23. Kd4 Nc6# 0-1

[Event "AUTO-BEG-371"]
[Site "http://www.queenalice.com/game.php?id=707457"]
[Date "2010.1.2"]
[Round "1"]
[White "kinho1089"]
[Black "pacomar16"]
[Result "1-0"]
[WhiteElo "1095"]
[BlackElo "1089"]

1. Nf3 e5 2. Nxe5 Qh4 3. g3 Qe4 4. f3 Qxe5 5. Bh3 Bc5 6. Nc3 Qd6 7. d3 Qb6 8. a4
Bf2+ 9. Kf1 Bc5 10. a5 Qa6 11. d4 Bb4 12. Ra4 Bd6 13. b4 Nf6 14. b5 h5 15. bxa6
O-O 16. Qd3 c5 17. axb7 Bxb7 18. Bg5 Nh7 19. Bf4 Be7 20. dxc5 Na6 21. Qxd7 g5
22. Be5 Bc8 23. Qxe7 Bxh3+ 24. Kf2 Rae8 25. Qd6 f6 26. Qd5+ Be6 27. Qd6 fxe5 28.
Qxe5 Re7 29. Nd5 Rf5 30. Qb8+ Kf7 31. Qb5 Bd7 32. c6 Re6 33. Qxa6 Bxc6 34. Qxa7+
Kg6 35. Ne7+ Kh6 36. Nxf5+ Kg6 37. Ne7+ Rxe7 38. Qxe7 Bxa4 39. c4 Nf6 40. c5 Nd5
41. Qe4+ Kf6 42. Qxd5 Ke7 43. Qe4+ Kd7 44. Qxa4+ Ke6 45. c6 g4 46. c7 Kf5 47.
c8=Q+ Ke5 48. Qe4+ Kf6 49. Qef5+ Kg7 50. Qcf8# 1-0

[Event "AUTO-BEG-371"]
[Site "http://www.queenalice.com/game.php?id=707468"]
[Date "2010.1.2"]
[Round "1"]
[White "kinho1089"]
[Black "candycorn"]
[Result "0-1"]
[WhiteElo "1102"]
[BlackElo "1413"]

1. g4 e5 2. d3 Qh4 3. Nf3 Qxg4 4. h3 Qb4+ 5. c3 Qc5 6. b4 Qb6 7. Nxe5 f6 8. Be3
Qe6 9. Bf4 fxe5 10. Bg3 d5 11. Na3 Nf6 12. Bg2 Nh5 13. Bh2 Nf4 14. Bf3 Be7 15.
e3 e4 16. Bg4 Ng2+ 17. Kf1 Qf6 18. Kxg2 g6 19. Nb5 h5 20. Be2 Rf8 21. Nxc7+ Kd8
22. Nxa8 Qxf2# 0-1

[Event "AUTO-BEG-371"]
[Site "http://www.queenalice.com/game.php?id=707469"]
[Date "2010.1.2"]
[Round "1"]
[White "candycorn"]
[Black "kinho1089"]
[Result "1-0"]
[WhiteElo "1376"]
[BlackElo "1112"]

1. e4 e6 2. d3 c5 3. Nc3 Na6 4. Bf4 e5 5. Bxe5 f6 6. Qh5+ g6 7. Qf3 d6 8. Bg3 h5
9. Nh3 g5 10. Nxg5 fxg5 11. h3 Nf6 12. Nb5 g4 13. Qf4 Bh6 14. Nxd6+ Kf8 15. Qe5
Nb4 16. Bh4 Nxc2+ 17. Kd1 Nxa1 18. Bxf6 Qd7 19. d4 Qa4+ 20. b3 Qxa2 21. Qe8# 1-0

[Event "Challenge"]
[Site "http://www.queenalice.com/game.php?id=722033"]
[Date "2010.1.28"]
[Round "-"]
[White "kinho1089"]
[Black "rconley23"]
[Result "1-0"]
[WhiteElo "1192"]
[BlackElo "1025"]

1. Nf3 e5 2. Nxe5 d6 3. Ng4 Nc6 4. e4 Ne5 5. Bb5+ Nc6 6. Qe2 a6 7. Bc4 Nd4 8.
Qd3 Nc6 9. O-O Bxg4 10. f3 Nf6 11. fxg4 Nxg4 12. Bxf7+ Kd7 13. Qd5 Nb4 14. Qc4
a5 15. Be6+ Ke8 16. Bxg4 c6 17. c3 Nc2 18. Bh5+ g6 19. Bg4 Ne3 20. Qf7# 1-0

[Event "Challenge"]
[Site "http://www.queenalice.com/game.php?id=731114"]
[Date "2010.2.13"]
[Round "-"]
[White "kinho1089"]
[Black "rconley23"]
[Result "1-0"]
[WhiteElo "1233"]
[BlackElo "1153"]

1. e3 e5 2. Nf3 Nf6 3. Nxe5 Ne4 4. Qe2 d6 5. Ng4 Nc6 6. d3 d5 7. dxe4 dxe4 8.
Nc3 Bf5 9. f3 Nb4 10. fxe4 Bxe4 11. Nxe4 Qh4+ 12. g3 Qe7 13. Bg2 Qd7 14. Ne5 Qd5
15. Nc4 Nxc2+ 16. Qxc2 Bb4+ 17. Bd2 Rd8 18. Bxb4 Qh5 19. Nf2 c6 20. Qe4+ Kd7 21.
Bh3+ f5 22. Bxf5+ Kc7 23. Qe5+ Rd6 24. Qxd6# 1-0

[Event "AUTO-OPEN-1886"]
[Site "http://www.queenalice.com/game.php?id=734304"]
[Date "2010.2.19"]
[Round "1"]
[White "kinho1089"]
[Black "rodriw02"]
[Result "1-0"]
[WhiteElo "1225"]
[BlackElo "1294"]

1. e3 e5 2. Qf3 Nf6 3. Bc4 d5 4. Bb5+ c6 5. Ba4 Bg4 6. Qg3 Na6 7. h3 Bd7 8. Nf3
e4 9. Ne5 Be6 10. f4 b5 11. Nxc6 Qc7 12. Bxb5 Nh5 13. Qg5 f6 14. Qxh5+ g6 15.
Qh4 Nc5 16. Qxf6 Nd7 17. Qxe6+ Be7 18. Qxe7# 1-0

[Event "AUTO-OPEN-1886"]
[Site "http://www.queenalice.com/game.php?id=734305"]
[Date "2010.2.19"]
[Round "1"]
[White "rodriw02"]
[Black "kinho1089"]
[Result "0-1"]
[WhiteElo "1304"]
[BlackElo "1213"]

1. e4 Nf6 2. f3 Nc6 3. Bc4 e6 4. b3 d5 5. exd5 exd5 6. Qe2+ Be7 7. Bd3 Nd4 8.
Qe5 Nxc2+ 9. Bxc2 c6 10. d4 b5 11. g4 Qa5+ 12. Bd2 Qa6 13. Bb4 Be6 14. Bc3 Nd7
15. Qxg7 Rf8 16. Bxh7 Bf6 17. Qh6 Ke7 18. Bd3 Rh8 19. Qd2 c5 20. Ba5 Bxd4 21.
Qg5+ f6 22. Qg7+ Kd6 23. Ne2 Qxa5+ 24. Kd1 Ne5 25. Nxd4 cxd4 26. Re1 Rhg8 27.
Qxf6 Nxd3 28. Qxe6+ Kc5 29. Re3 Nf2+ 30. Ke2 dxe3 31. Qxe3+ d4 32. Qxf2 Rae8+
33. Kd1 Re3 34. Qc2+ Kd5 35. Nd2 Rge8 36. Qf5+ R8e5 37. Qd7+ Kc5 38. Qc7+ Qxc7
39. a4 Re1+ 40. Kc2 Rxa1 41. Kb2 Rae1 42. f4 R5e2 43. Kc2 Kd5+ 44. Kd3 Re3# 0-1

[Event "AUTO-BEG-382"]
[Site "http://www.queenalice.com/game.php?id=736953"]
[Date "2010.2.24"]
[Round "1"]
[White "ArzadSharlaan"]
[Black "kinho1089"]
[Result "1-0"]
[WhiteElo "1329"]
[BlackElo "1247"]

1. d4 d5 2. Nc3 Nc6 3. Nf3 e6 4. Bf4 Bd6 5. e3 g5 6. Bxg5 f6 7. Bf4 Nh6 8. Bxh6
f5 9. Ng5 Nb4 10. Be2 Bf8 11. Bxf8 Kxf8 12. Nf3 Rg8 13. g3 b6 14. Ne5 Ba6 15.
Bh5 Qg5 16. a3 Rd8 17. Nf7 Rd7 18. Nxg5 Rxg5 19. f4 Rgg7 20. axb4 c6 21. Rxa6
1-0

[Event "AUTO-BEG-382"]
[Site "http://www.queenalice.com/game.php?id=736954"]
[Date "2010.2.24"]
[Round "1"]
[White "kinho1089"]
[Black "ArzadSharlaan"]
[Result "0-1"]
[WhiteElo "1261"]
[BlackElo "1333"]

1. e4 e5 2. Bc4 Nf6 3. Qf3 Nc6 4. Nc3 Bc5 5. Nge2 d6 6. d3 Be6 7. Ng3 Nd4 8. Qd1
Qe7 9. Nge2 O-O-O 10. b4 Bxb4 11. Bg5 h6 12. Bh4 g5 13. Bg3 h5 14. f3 g4 15.
fxg4 Nxg4 16. Ng1 Bxc3+ 17. Kf1 Ne3+ 0-1

[Event "AUTO-BEG-382"]
[Site "http://www.queenalice.com/game.php?id=736967"]
[Date "2010.2.24"]
[Round "1"]
[White "COPPERHEADS"]
[Black "kinho1089"]
[Result "1-0"]
[WhiteElo "1136"]
[BlackElo "1233"]

1. Nf3 d6 2. c3 Nf6 3. e3 Qd7 4. Bc4 e6 5. O-O Qc6 6. d3 d5 7. Bb3 a5 8. Nd4 Qd7
9. Ba4 Nc6 10. c4 dxc4 11. dxc4 Nb4 12. Bxd7+ Kxd7 13. a3 Nc6 14. Nxc6+ Kxc6 15.
h4 g6 16. Nc3 Bd6 17. b3 1-0

[Event "AUTO-BEG-382"]
[Site "http://www.queenalice.com/game.php?id=736975"]
[Date "2010.2.24"]
[Round "1"]
[White "m_KP"]
[Black "kinho1089"]
[Result "1-0"]
[WhiteElo "1114"]
[BlackElo "1287"]

1. e4 Nf6 2. Nc3 e6 3. Be2 g5 4. g3 Rg8 5. d3 h6 6. h3 b6 7. h4 g4 8. f3 h5 9.
e5 Nd5 10. Ne4 Nc6 11. c4 Bb4+ 12. Kf1 Nd4 13. Bg5 Rxg5 14. Nf6+ Nxf6 15. hxg5
Ng8 16. Rxh5 Bb7 17. f4 Ne7 18. Qa4 Nef5 19. Rh8+ 1-0

[Event "AUTO-BEG-382"]
[Site "http://www.queenalice.com/game.php?id=736976"]
[Date "2010.2.24"]
[Round "1"]
[White "kinho1089"]
[Black "m_KP"]
[Result "0-1"]
[WhiteElo "1287"]
[BlackElo "1087"]

1. e3 d5 2. Nc3 e5 3. Bb5+ Nc6 4. Ba4 Nf6 5. Nf3 Be7 6. Nxe5 O-O 7. Nd3 b5 8.
Bxb5 Bd7 9. Qf3 a6 10. Ba4 Bg4 11. Qg3 Qd7 12. Ne5 Bd6 13. Bxc6 Bxe5 14. Bxd7
Bxg3 15. Bc6 Bf5 16. Bxa8 Bd6 17. b4 Rxa8 18. Kd1 Rb8 0-1